The power of rudraksha : explore the medicinal properties and other functions of rudraksha (Record no. 65137)

MARC details
000 -LEADER
fixed length control field 00777nam a2200205Ia 4500
008 - FIXED-LENGTH DATA ELEMENTS--GENERAL INFORMATION
fixed length control field 191130s2008##################000#0#eng##
020 ## - INTERNATIONAL STANDARD BOOK NUMBER
ISBN 9788179928448
082 ## - DEWEY DECIMAL CLASSIFICATION NUMBER
Classification number 294.537 SEE
100 ## - MAIN ENTRY--AUTHOR NAME
Personal name Seetha, Kamal Narayan
245 ## - TITLE STATEMENT
Title The power of rudraksha : explore the medicinal properties and other functions of rudraksha
Statement of responsibility, etc Kamal Narayan Seetha
260 ## - PUBLICATION, DISTRIBUTION, ETC. (IMPRINT)
Place of publication Mumbai
Name of publisher Jaico
Year of publication 2008
300 ## - PHYSICAL DESCRIPTION
Number of Pages xvii, 316 p., [16] p. of plates : ill. (some col.) ; 22 cm. ; p bk
500 ## - GENERAL NOTE
General note Includes mantras in Sanskrit (roman); with English translation
650 ## - SUBJECT ADDED ENTRY--TOPICAL TERM
Topical Term Elaeocarpus ganitrus -- Religious aspects -- Hinduism
Topical Term Elaeocarpus ganitrus -- Therapeutic use
991 ## -
-- 276860
Holdings
Withdrawn status Lost status Damaged status Not for loan Home library Current library Shelving location Date acquired Full call number Accession Number Price effective from Koha item type
        Anna Centenary Library Anna Centenary Library 3RD FLOOR, B WING 09.10.2020 294.537 SEE 380502 09.10.2020 English Books

Find us on the map